How to be fit and young/ (Record no. 156450)
[ view plain ]
| 000 -LEADER | |
|---|---|
| fixed length control field | 00504nam a22001817a 4500 |
| 005 - DATE AND TIME OF LATEST TRANSACTION | |
| control field | 20190123162138.0 |
| 010 ## - LCCN (DPL NO) | |
| LC control number | B-218930 |
| 020 ## - INTERNATIONAL STANDARD BOOK NUMBER | |
| International Standard Book Number | 8183820719 |
| Terms of availability | 95.00 |
| 035 ## - SYSTEM CONTROL NUMBER | |
| System control number | B-218930 B-218950, b-218947 |
| 037 ## - SOURCE OF ACQUISITION | |
| Source of stock number/acquisition | Lotus Press |
| 082 ## - DEWEY DECIMAL CLASSIFICATION NUMBER | |
| Classification number | 613.7 |
| 100 ## - MAIN ENTRY--PERSONAL NAME | |
| Personal name | Pitt, Sam |
| 245 ## - TITLE STATEMENT | |
| Title | How to be fit and young/ |
| Statement of responsibility, etc | by Sam Pitt |
| 260 ## - PUBLICATION, DISTRIBUTION, ETC. (IMPRINT) | |
| Place of publication, distribution, etc | New Delhi |
| Name of publisher, distributor, etc | Lotus Press |
| Date of publication, distribution, etc | 2006 |
| 300 ## - PHYSICAL DESCRIPTION | |
| Extent | 160p. |
| Dimensions | 22cm(Pbk) |
| 942 ## - ADDED ENTRY ELEMENTS (KOHA) | |
| Source of classification or shelving scheme | Dewey Decimal Classification |
| Item type | English Books |
| Classification part | 613.7 |
| Call number suffix | PIT |
| Withdrawn status | Lost status | Not for loan | Collection code | Home library | Current library | Date acquired | Full call number | Barcode | Koha item type | Cost, normal purchase price | Cost, replacement price | Source of acquisition | Copy number |
|---|---|---|---|---|---|---|---|---|---|---|---|---|---|
| Non-fiction | R.C.Libraries (zls) | R.C.Libraries (zls) | 16/11/2018 | 613.7 PIT | B-218950 | English Books | 95.00 | 95.00 | |||||
| Non-fiction | Sarojini Nagar | Sarojini Nagar | 27/08/2018 | 613.7 PIT | B-218930 | English Books | |||||||
| Non-fiction | Vigyan Vihar | Vigyan Vihar | 23/01/2019 | 613.7 PIT | b-218947 | English Books | 95.00 | 95.00 | BPPD/PUB | ||||
| Non-fiction | Yojana Vihar | Yojana Vihar | 11/07/2019 | 613.7 PIT | B-218946 | English Books | 95.00 | 95.00 | BPPD/PUB | 1 |
